[Event "Izhevsk Corporation Cup 6th"]
[Site "Izhevsk"]
[Date "2014.07.18"]
[Round "6"]
[White "Popov, Mikhail"]
[Black "Lykov, Sergey"]
[Result "1-0"]
[WhiteElo "2256"]
[BlackElo "2138"]
[PlyCount "85"]
[EventDate "2014.07.12"]
[EventType "swiss"]
[EventRounds "9"]
[EventCountry "RUS"]
[SourceTitle "CBM 161 Extra"]
[Source "ChessBase"]
[SourceDate "2014.08.29"]
[SourceVersion "1"]
[SourceVersionDate "2014.08.29"]
[SourceQuality "1"]

1. e4 g6 2. d4 Bg7 3. Nc3 d6 4. h4 Nf6 5. Be2 c5 6. dxc5 Qa5 7. Bd2 Qxc5 8. Be3 Qa5 9. Qd2 Nc6 10. f3 a6 11. g4 b5 12. h5 b4 13. Nd1 gxh5 14. g5 Nd7 15. Rxh5 Nde5 16. Nh3 Be6 17. Nf4 Nc4 18. Nxe6 Nxd2 19. Nxg7+ Kd7 20. Bxd2 Qe5 21. Nf5 e6 22. Nfe3 Qg3+ 23. Kf1 a5 24. c3 Rag8 25. Ng2 Qe5 26. Nf2 f5 27. Rd1 Qg7 28. exf5 exf5 29. Bf4 Ne5 30. Ne3 Nf7 31. Nxf5 Qg6 32. Nxd6 Qxh5 33. Nxf7+ Ke7 34. Nxh8 Rxh8 35. Be5 Rc8 36. f4 Qg6 37. Bf6+ Kf8 38. c4 Qf7 39. b3 Qb7 40. Bg4 Re8 41. Rd7 Qa6 42. Rxh7 Ra8 43. f5 1-0

[Event "Izhevsk Corporation Cup 6th"]
[Site "Izhevsk"]
[Date "2014.07.14"]
[Round "3"]
[White "Lykov, Sergey"]
[Black "Khanin, Semen"]
[Result "0-1"]
[WhiteElo "2138"]
[BlackElo "2317"]
[PlyCount "112"]
[EventDate "2014.07.12"]
[EventType "swiss"]
[EventRounds "9"]
[EventCountry "RUS"]
[SourceTitle "CBM 161 Extra"]
[Source "ChessBase"]
[SourceDate "2014.08.29"]
[SourceVersion "1"]
[SourceVersionDate "2014.08.29"]
[SourceQuality "1"]

1. d4 d5 2. Nf3 e6 3. c4 c5 4. cxd5 exd5 5. g3 Nc6 6. Bg2 Nf6 7. 0-0 Be7 8. Nc3 0-0 9. Bg5 cxd4 10. Nxd4 h6 11. Be3 Re8 12. Rc1 Bg4 13. h3 Be6 14. Nxc6 bxc6 15. Na4 Qc8 16. Kh2 Bf5 17. Bd4 Qa6 18. a3 Ne4 19. f3 Nf6 20. Re1 Nd7 21. Bf1 Qb7 22. Qd2 Rac8 23. Nc5 Nxc5 24. Bxc5 Bg5 25. e3 h5 26. h4 Bf6 27. b4 Qb8 28. Kg2 Be5 29. Qf2 Re6 30. Kh2 Bf6 31. f4 Rce8 32. a4 Be7 33. Qd2 Bxc5 34. Rxc5 Qd6 35. Bg2 Qe7 36. a5 Qf6 37. b5 cxb5 38. Qxd5 g6 39. e4 Rd8 40. Qb7 Bg4 41. e5 Qe7 42. Rc7 Qe8 43. Rec1 a6 44. Rc8 Re7 45. Rxd8 Qxd8 46. Qxa6 Kg7 47. Qc6 Ra7 48. Rc2 Qxa5 49. Qf6+ Kh7 50. Bd5 Bf5 51. Rg2 Qc7 52. Bf3 Qd7 53. Bc6 Qd3 54. Qd6 Qf1 55. Qd5 b4 56. Rb2 Qh3+ 0-1

[Event "Izhevsk Corporation Cup 5th"]
[Site "Izhevsk"]
[Date "2013.07.18"]
[Round "7"]
[White "Lykov, Sergey"]
[Black "Kozionov, Kirill"]
[Result "0-1"]
[WhiteElo "2182"]
[BlackElo "2333"]
[PlyCount "58"]
[EventDate "2013.07.11"]
[EventType "swiss"]
[EventRounds "9"]
[EventCountry "RUS"]
[SourceTitle "EXT 2014"]
[Source "ChessBase"]
[SourceDate "2013.11.20"]
[SourceVersion "1"]
[SourceVersionDate "2013.11.20"]
[SourceQuality "1"]

1. d4 d5 2. c4 e6 3. Nc3 c6 4. Nf3 dxc4 5. e3 b5 6. a4 Bb4 7. Bd2 a5 8. axb5 Bxc3 9. Bxc3 cxb5 10. b3 Bb7 11. bxc4 b4 12. Bb2 Nf6 13. Bd3 Nbd7 14. Nd2 0-0 15. 0-0 Qc7 16. f4 Rfd8 17. Qe2 a4 18. Rab1 Nf8 19. e4 Qe7 20. e5 Ne8 21. Ne4 b3 22. Ba1 Bxe4 23. Bxe4 Rab8 24. Rf3 Qa7 25. Qf2 Rb4 26. Rh3 g6 27. c5 Nc7 28. Rd3 Rdb8 29. Qf3 b2 0-1

[Event "Izhevsk Corporation Cup 5th"]
[Site "Izhevsk"]
[Date "2013.07.13"]
[Round "2"]
[White "Ulanov, Alexandr"]
[Black "Lykov, Sergey"]
[Result "1-0"]
[WhiteElo "2425"]
[BlackElo "2182"]
[PlyCount "91"]
[EventDate "2013.07.11"]
[EventType "swiss"]
[EventRounds "9"]
[EventCountry "RUS"]
[SourceTitle "EXT 2014"]
[Source "ChessBase"]
[SourceDate "2013.11.20"]
[SourceVersion "1"]
[SourceVersionDate "2013.11.20"]
[SourceQuality "1"]

1. d4 Nf6 2. Nf3 c5 3. d5 d6 4. Nc3 g6 5. e4 Bg7 6. Bb5+ Bd7 7. a4 0-0 8. Be2 Na6 9. 0-0 Nc7 10. h3 a6 11. a5 Nb5 12. Nd2 e6 13. Ncb1 exd5 14. exd5 Re8 15. c3 Bf5 16. Nc4 Qe7 17. Ne3 Bd7 18. Bf3 h5 19. Nc4 Nh7 20. Nb6 Rad8 21. Nxd7 Rxd7 22. Ra4 Ng5 23. Nd2 Qf6 24. h4 Nxf3+ 25. Nxf3 Qd8 26. Bg5 Bf6 27. Rf4 Bxg5 28. Nxg5 Re5 29. Qf3 Qe8 30. Ne4 Qd8 31. Nf6+ Kg7 32. Nxd7 Qxd7 33. Re4 Rxd5 34. Re7 Qxe7 35. Qxd5 Na7 36. Rd1 Nc8 37. b4 cxb4 38. cxb4 Qc7 39. Qd4+ Kg8 40. Qf6 Qd7 41. Re1 d5 42. Qe5 Kh7 43. Rc1 Nd6 44. Qxd5 Qe7 45. g3 Nf5 46. Kg2 1-0

[Event "Izhevsk Corporation Cup 5th"]
[Site "Izhevsk"]
[Date "2013.07.12"]
[Round "1"]
[White "Lykov, Sergey"]
[Black "Balashov, Yuri S"]
[Result "1/2-1/2"]
[WhiteElo "2182"]
[BlackElo "2477"]
[PlyCount "104"]
[EventDate "2013.07.11"]
[EventType "swiss"]
[EventRounds "9"]
[EventCountry "RUS"]
[SourceTitle "EXT 2014"]
[Source "ChessBase"]
[SourceDate "2013.11.20"]
[SourceVersion "1"]
[SourceVersionDate "2013.11.20"]
[SourceQuality "1"]

1. d4 Nf6 2. c4 g6 3. Nc3 Bg7 4. e4 d6 5. f4 0-0 6. Nf3 c5 7. dxc5 Qa5 8. Bd3 Qxc5 9. Qe2 Nc6 10. Be3 Qa5 11. 0-0 Bg4 12. Rac1 Rac8 13. a3 Nd7 14. Nb5 a6 15. b4 Qd8 16. Nc3 a5 17. Qb2 axb4 18. axb4 Bxf3 19. gxf3 e6 20. Qb3 Bd4 21. Bf2 Qf6 22. Ne2 Bxf2+ 23. Rxf2 Ra8 24. c5 dxc5 25. bxc5 Ra1 26. Bb1 Nd4 27. Nxd4 Qxd4 28. Qb2 Qe3 29. Rd1 Ra3 30. Rxd7 Rb3 31. Qa2 Rc8 32. Rd1 Rxc5 33. Qa8+ Kg7 34. Qa1+ Rcc3 35. Ba2 Ra3 36. Qb2 Qxf4 37. Qxb7 Rxf3 38. Qb2+ Kh6 39. Rxf3 Rxf3 40. Qd2 Re3 41. Bb1 g5 42. Qg2 Rf3 43. Rf1 Qe3+ 44. Kh1 Rf4 45. Rg1 g4 46. Qg3 Qxg3 47. hxg3 Rf2 48. Re1 Kg5 49. Kg1 Rf3 50. Kg2 h5 51. Rc1 f5 52. exf5 exf5 1/2-1/2

[Event "Izhevsk Corporation Cup-A 4th"]
[Site "Izhevsk"]
[Date "2012.07.15"]
[Round "1"]
[White "Lykov, Sergey"]
[Black "Goganov, Aleksey"]
[Result "0-1"]
[WhiteElo "2150"]
[BlackElo "2509"]
[PlyCount "90"]
[EventDate "2012.07.15"]
[EventType "swiss"]
[EventRounds "9"]
[EventCountry "RUS"]
[SourceTitle "EXT 2013"]
[Source "ChessBase"]
[SourceDate "2012.11.22"]
[SourceVersion "1"]
[SourceVersionDate "2012.11.22"]
[SourceQuality "1"]

1. Nf3 Nf6 2. g3 d5 3. Bg2 c6 4. 0-0 Bf5 5. b3 h6 6. Bb2 e6 7. d3 Be7 8. Nbd2 0-0 9. e3 a5 10. a3 Nbd7 11. Qe2 Nc5 12. Ne5 Bh7 13. f4 Nfd7 14. Ndf3 Nxe5 15. Nxe5 Qc7 16. Kh1 f6 17. Ng4 Rad8 18. Bh3 Bf5 19. Rab1 b5 20. Nf2 Bxh3 21. Nxh3 e5 22. fxe5 fxe5 23. Rxf8+ Rxf8 24. Rf1 Qc8 25. Rxf8+ Bxf8 26. Nf2 Qe8 27. e4 d4 28. Bc1 a4 29. b4 Nd7 30. c4 dxc3 31. Nd1 c5 32. bxc5 Nxc5 33. Nxc3 Nb3 34. Bb2 Nd4 35. Qd1 Qc8 36. Qa1 Nb3 37. Qa2 Qc5 38. Kg2 Qe3 39. Qb1 Bxa3 40. Nxa4 Qe2+ 41. Kh3 Bxb2 42. Nxb2 Nd4 43. Nd1 Qf1+ 44. Kg4 h5+ 45. Kg5 Kh7 0-1

[Event "Izhevsk Udmurtia-ch"]
[Site "Izhevsk"]
[Date "2011.12.02"]
[Round "2"]
[White "Lykov, Sergey"]
[Black "Ipatov, Alexander"]
[Result "0-1"]
[WhiteElo "2201"]
[BlackElo "2083"]
[PlyCount "80"]
[EventDate "2011.12.02"]
[EventType "swiss"]
[EventRounds "11"]
[EventCountry "RUS"]
[SourceTitle "CBM 146 Extra"]
[Source "ChessBase"]
[SourceDate "2012.02.29"]
[SourceVersion "1"]
[SourceVersionDate "2012.02.29"]
[SourceQuality "1"]

1. d4 Nf6 2. c4 g6 3. Nc3 Bg7 4. e4 d6 5. f3 0-0 6. Nge2 c5 7. d5 Nbd7 8. Ng3 h5 9. Be2 a6 10. 0-0 Rb8 11. a4 Ne8 12. f4 Bd4+ 13. Rf2 Ndf6 14. h3 e6 15. Qd3 exd5 16. cxd5 Bxf2+ 17. Kxf2 h4 18. Nf1 Ng7 19. Kg1 Re8 20. Nd2 b5 21. Bf3 Bd7 22. axb5 axb5 23. Nf1 b4 24. Nd1 Bb5 25. Qc2 Qe7 26. Nf2 Nxd5 27. Nh2 Nf6 28. Bd2 Ne6 29. Re1 Nd4 30. Qd1 Bc6 31. f5 Nxf3+ 32. gxf3 Qe5 33. Kh1 Kh7 34. Nd3 Qd4 35. Be3 Qc4 36. b3 Qc3 37. Nf2 gxf5 38. Bg5 fxe4 39. Nhg4 Nxg4 40. Nxg4 Qxf3+ 0-1

[Event "Izhevsk Corporation Cup-A 3rd"]
[Site "Izhevsk"]
[Date "2011.07.23"]
[Round "8"]
[White "Lykov, Sergey"]
[Black "Balaian, Alina"]
[Result "0-1"]
[WhiteElo "2213"]
[BlackElo "2163"]
[PlyCount "86"]
[EventDate "2011.07.15"]
[EventType "swiss"]
[EventRounds "9"]
[EventCountry "RUS"]
[SourceTitle "CBM 143 Extra"]
[Source "ChessBase"]
[SourceDate "2011.08.29"]
[SourceVersion "1"]
[SourceVersionDate "2011.08.29"]
[SourceQuality "1"]

1. d4 Nf6 2. c4 g6 3. Nc3 Bg7 4. e4 d6 5. f3 0-0 6. Be3 c5 7. dxc5 dxc5 8. Qxd8 Rxd8 9. Bxc5 Nc6 10. Nge2 Nd7 11. Be3 Nde5 12. Nf4 Nb4 13. Rc1 Be6 14. Bc5 Nbd3+ 15. Nxd3 Nxd3+ 16. Bxd3 Rxd3 17. Bxe7 Bxc4 18. 0-0 Rd7 19. Bg5 Bxf1 20. Rxf1 Bd4+ 21. Kh1 Bxc3 22. bxc3 Rc8 23. Bf6 Rd2 24. h4 Rxa2 25. Rd1 Ra6 26. e5 Rac6 27. Kh2 Kf8 28. Kg3 Ke8 29. Kf4 Rxc3 30. Kg5 Rc1 31. Rd5 R1c7 32. g4 Rd7 33. Ra5 b6 34. Ra1 b5 35. h5 Rb7 36. f4 b4 37. f5 gxf5 38. gxf5 b3 39. Kh6 b2 40. Rb1 Rc1 41. Rxb2 Rxb2 42. Kxh7 Rg2 43. h6 Rf1 0-1

[Event "Izhevsk Corporation Cup-A 3rd"]
[Site "Izhevsk"]
[Date "2011.07.18"]
[Round "4"]
[White "Ipatov, Alexander"]
[Black "Lykov, Sergey"]
[Result "0-1"]
[WhiteElo "2092"]
[BlackElo "2213"]
[PlyCount "90"]
[EventDate "2011.07.15"]
[EventType "swiss"]
[EventRounds "9"]
[EventCountry "RUS"]
[SourceTitle "CBM 143 Extra"]
[Source "ChessBase"]
[SourceDate "2011.08.29"]
[SourceVersion "1"]
[SourceVersionDate "2011.08.29"]
[SourceQuality "1"]

1. e4 d6 2. d4 g6 3. Nc3 Bg7 4. Be3 Nf6 5. f3 c6 6. Qd2 b5 7. Nge2 Nbd7 8. g4 Nb6 9. Ng3 h5 10. g5 Nfd7 11. h4 Bb7 12. a4 b4 13. Nd1 a5 14. f4 c5 15. d5 Qc7 16. c4 e6 17. Bd3 0-0-0 18. 0-0 Rde8 19. Re1 Bd4 20. Bf1 e5 21. f5 f6 22. Nf2 Bxe3 23. Rxe3 fxg5 24. hxg5 h4 25. Ngh1 Rh5 26. Nh3 gxf5 27. exf5 Rg8 28. Be2 Rhxg5+ 29. Nxg5 Rxg5+ 30. Kh2 Nf6 31. b3 Qg7 32. Bf3 e4 33. Bxe4 Ng4+ 34. Kh3 Qxa1 35. Re2 Qg7 36. Qf4 Nd7 37. Rg2 Ndf6 38. Bf3 Kc7 39. Bxg4 Bc8 40. Nf2 Bxf5 41. Qf3 Nxg4 42. Nxg4 Qc3 43. Qxc3 bxc3 44. Rf2 Bxg4+ 45. Kxh4 Bd1 0-1

[Event "Izhevsk Corporation Cup-A 3rd"]
[Site "Izhevsk"]
[Date "2011.07.16"]
[Round "2"]
[White "Bezgodov, Alexei"]
[Black "Lykov, Sergey"]
[Result "1-0"]
[WhiteElo "2503"]
[BlackElo "2213"]
[PlyCount "163"]
[EventDate "2011.07.15"]
[EventType "swiss"]
[EventRounds "9"]
[EventCountry "RUS"]
[SourceTitle "CBM 143 Extra"]
[Source "ChessBase"]
[SourceDate "2011.08.29"]
[SourceVersion "1"]
[SourceVersionDate "2011.08.29"]
[SourceQuality "1"]

1. e4 d6 2. d4 g6 3. Nf3 Bg7 4. Be2 Nf6 5. Nc3 0-0 6. 0-0 c5 7. d5 Na6 8. Re1 Nc7 9. a4 Rb8 10. Bc4 b6 11. Bg5 h6 12. Bh4 Nd7 13. Bg3 a6 14. Qd3 Ne5 15. Nxe5 dxe5 16. f4 Qd6 17. Qd2 b5 18. Bf1 Kh7 19. Qf2 Bd7 20. axb5 Nxb5 21. Bxb5 axb5 22. Ra7 b4 23. Nd1 Rbd8 24. fxe5 Qb6 25. Ra1 f5 26. Qe3 fxe4 27. Nf2 Bf5 28. Rad1 Qb7 29. Nxe4 Rxd5 30. Nxc5 Qc6 31. Rxd5 Qxd5 32. c3 b3 33. Qd4 Qg8 34. c4 Rb8 35. Qc3 Bc2 36. Na6 Rc8 37. c5 Qd5 38. Bf2 Rf8 39. Nb4 Qf7 40. Bd4 Bf5 41. Rf1 Qe6 42. c6 Be4 43. Rxf8 Bxf8 44. h3 Bg7 45. c7 Bb7 46. Nd3 Qd5 47. Ne1 Qe4 48. Nf3 Qc2 49. Kh2 g5 50. Kg3 Kg6 51. Nd2 Kf5 52. Nf3 Ke6 53. Qa5 Qc6 54. Bc3 Kf7 55. e6+ Qxe6 56. Bxg7 Kxg7 57. Qc3+ Kg6 58. Ne5+ Kh7 59. Qd3+ Kg7 60. Qd4 Kh7 61. Kh2 Qf5 62. Qd3 Be4 63. Qc3 Bb7 64. Qe3 Kg7 65. Ng4 Qf4+ 66. Qxf4 gxf4 67. Ne5 Kf6 68. Nd7+ Kf5 69. Kg1 e5 70. Kf1 e4 71. Nb6 Ke5 72. c8Q Bxc8 73. Nxc8 Kd4 74. Ke2 Kc4 75. Nd6+ Kd5 76. Nb5 Ke5 77. Nc3 Kd4 78. Nb1 e3 79. Nc3 Kc4 80. h4 Kd4 81. h5 Kc4 82. Ne4 1-0

[Event "Izhevsk op-A"]
[Site "Izhevsk"]
[Date "2010.07.18"]
[Round "4"]
[White "Skomorokhin, Roman"]
[Black "Lykov, Sergey"]
[Result "0-1"]
[WhiteElo "2436"]
[BlackElo "2223"]
[PlyCount "78"]
[EventDate "2010.07.15"]
[EventType "swiss"]
[EventRounds "9"]
[EventCountry "RUS"]
[SourceTitle "CBM 137 Extra"]
[Source "ChessBase"]
[SourceDate "2010.09.01"]
[SourceVersion "1"]
[SourceVersionDate "2010.09.01"]
[SourceQuality "1"]

1. d4 g6 2. Nf3 Bg7 3. c4 c5 4. d5 d6 5. e4 Nf6 6. Nc3 0-0 7. Be2 e6 8. Nd2 Na6 9. 0-0 Nc7 10. a4 Rb8 11. Kh1 Re8 12. f4 b6 13. Ra3 exd5 14. cxd5 a6 15. Bf3 b5 16. Ncb1 h5 17. f5 c4 18. axb5 axb5 19. Ra7 gxf5 20. e5 dxe5 21. d6 Qxd6 22. b3 Qc5 23. Ra5 c3 24. Qc2 e4 25. Be2 Nfd5 26. Nc4 Qc6 27. Ne3 Nb4 28. Qd1 c2 29. Nxc2 Qxc2 30. Bf4 Qxd1 31. Rxd1 Nbd5 32. Rxd5 Nxd5 33. Bxb8 Bd7 34. Bxb5 Rxb8 35. Bxd7 Rxb3 36. Rb5 e3 37. Rxb3 e2 38. Rb8+ Bf8 39. Re8 Ne7 0-1

[Event "PriFR-ch Seniors"]
[Site "Izhevsk"]
[Date "2010.03.18"]
[Round "6"]
[White "Lykov, Sergey"]
[Black "Filipenko, Alexander V"]
[Result "1/2-1/2"]
[WhiteElo "2211"]
[BlackElo "2354"]
[PlyCount "83"]
[EventDate "2010.03.13"]
[EventType "swiss"]
[EventRounds "9"]
[EventCountry "RUS"]
[SourceTitle "EXT 2012"]
[Source "ChessBase"]
[SourceDate "2011.11.24"]
[SourceVersion "1"]
[SourceVersionDate "2011.11.24"]
[SourceQuality "1"]

1. b3 d5 2. Bb2 Bg4 3. Nf3 Nd7 4. e3 e6 5. c4 Ngf6 6. Be2 c6 7. 0-0 Be7 8. d3 0-0 9. Nbd2 a5 10. a3 Re8 11. Qc2 Bf8 12. Rfe1 h6 13. e4 dxe4 14. dxe4 e5 15. Bc3 Qb6 16. Qb2 Bc5 17. Rf1 Bxf3 18. Bxf3 Bd4 19. b4 c5 20. Rab1 Bxc3 21. Qxc3 axb4 22. axb4 Qc7 23. h3 b6 24. Bg4 Nf8 25. bxc5 bxc5 26. Rb5 h5 27. Bf3 Ne6 28. Rfb1 Ra7 29. Qe3 Rea8 30. Nb3 Ra3 31. Qc1 g6 32. Qh6 Ne8 33. Nd2 Ra2 34. Rb6 Ra1 35. Nf1 Rxb1 36. Rxb1 Qe7 37. Ne3 Qf8 38. Qxf8+ Kxf8 39. Be2 Nd4 40. Bf1 Nd6 41. f3 Ra3 42. Nd5 1/2-1/2

[Event "PriFR-ch Seniors"]
[Site "Izhevsk"]
[Date "2010.03.16"]
[Round "4"]
[White "Lykov, Sergey"]
[Black "Fedoseev, Vladimir"]
[Result "0-1"]
[WhiteElo "2211"]
[BlackElo "2186"]
[PlyCount "94"]
[EventDate "2010.03.13"]
[EventType "swiss"]
[EventRounds "9"]
[EventCountry "RUS"]
[SourceTitle "EXT 2012"]
[Source "ChessBase"]
[SourceDate "2011.11.24"]
[SourceVersion "1"]
[SourceVersionDate "2011.11.24"]
[SourceQuality "1"]

1. c4 e6 2. Nc3 d5 3. d4 c5 4. cxd5 exd5 5. Nf3 Nc6 6. g3 cxd4 7. Nxd4 Qb6 8. Nb3 d4 9. Nd5 Qd8 10. Bg2 Be6 11. Nf4 Bb4+ 12. Bd2 Bxd2+ 13. Qxd2 Nge7 14. Nxe6 fxe6 15. Nc5 Qc8 16. Bh3 Nf5 17. e4 dxe3 18. fxe3 Ne5 19. 0-0 Qxc5 20. Bxf5 exf5 21. Rac1 Qe7 22. Rxf5 Rf8 23. Qc2 Rxf5 24. Qxf5 g6 25. Qf4 Rd8 26. Rf1 b5 27. Qe4 Nf7 28. Qc6+ Kf8 29. Qc3 Kg8 30. Qb3 Re8 31. Rf3 a6 32. h4 Qe6 33. Qc3 Ne5 34. Rf4 Qxa2 35. h5 Qd5 36. hxg6 hxg6 37. e4 Qd1+ 38. Kg2 Qd6 39. Kh3 Qe6+ 40. Kg2 Rc8 41. Qd4 Re8 42. Qa7 Nf7 43. Qc7 Rc8 44. Qb7 Rc2+ 45. Kg1 Qb3 46. Qb8+ Kg7 47. Rf1 Qe3+ 0-1

[Event "Izhevsk op"]
[Site "Izhevsk"]
[Date "2009.07.18"]
[Round "4"]
[White "Lykov, Sergey"]
[Black "Vokarev, Sergey"]
[Result "0-1"]
[WhiteElo "2206"]
[BlackElo "2517"]
[PlyCount "114"]
[EventDate "2009.07.15"]
[EventType "swiss"]
[EventRounds "9"]
[EventCountry "RUS"]
[SourceTitle "EXT 2010"]
[Source "ChessBase"]
[SourceDate "2010.11.25"]
[SourceVersion "1"]
[SourceVersionDate "2010.11.25"]
[SourceQuality "1"]

1. Nf3 Nf6 2. g3 g6 3. Bg2 Bg7 4. 0-0 0-0 5. d3 d5 6. Nbd2 Nc6 7. e4 e5 8. Re1 Re8 9. c3 a5 10. a4 h6 11. exd5 Nxd5 12. Nc4 Ra6 13. Qc2 Bg4 14. h3 Bf5 15. Nh4 Be6 16. Nf3 Ndb4 17. cxb4 Nxb4 18. Qe2 Nxd3 19. Ne3 e4 20. Nd2 Nxe1 21. Qxe1 f5 22. Ndc4 g5 23. Bf1 Ra7 24. Bd2 b6 25. Bc3 Ra8 26. g4 f4 27. Nf5 Bxf5 28. gxf5 Qe7 29. Nd2 Bxc3 30. bxc3 e3 31. Nb3 Qf7 32. Nd4 exf2+ 33. Qxf2 Re3 34. Qc2 Kh8 35. Ne6 Qf6 36. Rc1 Qe5 37. Qd2 Qxf5 38. Qd4+ Qe5 39. Nxc7 Rc8 40. Qxe5+ Rxe5 41. Nb5 Rce8 42. Kf2 Re3 43. Rd1 Kg7 44. Nd6 Rb8 45. c4 Rb3 46. Rd5 Kf6 47. Nb5 Rb2+ 48. Kf3 Re8 49. Rd6+ Re6 50. Rd1 h5 51. Rd6 Rb1 52. Bg2 Rb3+ 53. Kf2 Rb2+ 54. Kf1 g4 55. hxg4 Rxd6 56. Nxd6 hxg4 57. Bc6 f3 0-1

[Event "Udmurtia-ch"]
[Site "Izhevsk"]
[Date "2008.12.14"]
[Round "3"]
[White "Lykov, Sergey"]
[Black "Pushin, Vladimir"]
[Result "0-1"]
[WhiteElo "2251"]
[BlackElo "2314"]
[PlyCount "86"]
[EventDate "2008.12.12"]
[EventType "tourn"]
[EventRounds "11"]
[EventCountry "RUS"]
[SourceTitle "EXT 2010"]
[Source "ChessBase"]
[SourceDate "2010.11.25"]
[SourceVersion "1"]
[SourceVersionDate "2010.11.25"]
[SourceQuality "1"]

1. Nf3 d5 2. g3 c6 3. Bg2 Nf6 4. 0-0 Bg4 5. d3 e6 6. Nbd2 Be7 7. b3 0-0 8. Bb2 a5 9. a3 Nbd7 10. e4 Qb6 11. Qe1 a4 12. b4 dxe4 13. dxe4 c5 14. e5 Nd5 15. c4 Nxb4 16. axb4 cxb4 17. Bd4 Bc5 18. Qe3 b3 19. Rfb1 Bf5 20. Ne4 Bxe4 21. Qxe4 a3 22. Bxc5 Nxc5 23. Qe3 Qb4 24. Nd4 b2 25. Ra2 Rfd8 26. Bf1 Qa4 27. Be2 h6 28. Qc3 Qa5 29. Qxa5 Rxa5 30. Nb5 Rd2 31. Bf1 Ne4 32. Nxa3 Nc3 33. Rbxb2 Rd1 34. Rd2 Re1 35. Nc2 Rxf1+ 36. Kxf1 Rxa2 37. Rd8+ Kh7 38. Ne3 Ne4 39. f4 Rxh2 40. Rd7 Nxg3+ 41. Kg1 Re2 42. Ng2 Kg6 43. Rxb7 Kh5 0-1

[Event "Izhevsk Krasnoperov Memorial"]
[Site "Izhevsk"]
[Date "2008.09.??"]
[Round "7"]
[White "Lykov, Sergey"]
[Black "Fayzrakhmanov, Robert G"]
[Result "1-0"]
[WhiteElo "2271"]
[BlackElo "2227"]
[PlyCount "119"]
[EventDate "2008.09.??"]
[EventType "tourn"]
[EventRounds "9"]
[EventCountry "RUS"]
[SourceTitle "EXT 2010"]
[Source "ChessBase"]
[SourceDate "2010.11.25"]
[SourceVersion "1"]
[SourceVersionDate "2010.11.25"]
[SourceQuality "1"]

1. e4 e5 2. Nf3 Nc6 3. Bb5 a6 4. Ba4 Nf6 5. Bxc6 dxc6 6. d3 Bc5 7. Nbd2 Be6 8. 0-0 Qd6 9. b3 0-0-0 10. Bb2 Nd7 11. Qe2 f6 12. Nc4 Qe7 13. c3 g5 14. d4 g4 15. Nh4 Ba7 16. Rad1 Qg7 17. Ne3 h5 18. d5 cxd5 19. exd5 Bf7 20. Nhf5 Qg5 21. Ne7+ Kb8 22. Bc1 g3 23. fxg3 h4 24. g4 h3 25. g3 f5 26. N7xf5 Nf6 27. c4 Nxg4 28. Kh1 Bh5 29. Nxg4 Qxg4 30. Qxg4 Bxg4 31. Rde1 Rdf8 32. Ne3 Bf3+ 33. Kg1 e4 34. b4 Bd4 35. Rf2 Bc3 36. Bd2 Be5 37. Rc1 Rfg8 38. Nf1 Rh4 39. Bc3 Bf4 40. Re1 Rhg4 41. Bd4 Bg2 42. Rxf4 Rxf4 43. gxf4 Rg4 44. Be5 Bf3+ 45. Ng3 a5 46. b5 Kc8 47. Kf2 a4 48. Ke3 Rxg3 49. hxg3 h2 50. g4 h1Q 51. Rxh1 Bxh1 52. g5 Bf3 53. f5 Kd7 54. g6 Bh5 55. Kxe4 c6 56. dxc6+ bxc6 57. b6 Kc8 58. Kf4 Be2 59. f6 Bxc4 60. f7 1-0